| 000 | 00336nam a22001457a 4500 | ||
|---|---|---|---|
| 999 |
_c535319 _d535319 |
||
| 020 | _a978-0170198042 | ||
| 040 | _cMSOHAIL | ||
| 082 |
_a910 _bATK |
||
| 100 |
_aAlan Atkinson _929809 |
||
| 245 | _aPlanet Earth 2a Hazards and 2b Resources | ||
| 250 | _a2nd | ||
| 260 |
_bNelson Cengage _cc2010 |
||
| 300 | _ap;290 | ||
| 942 |
_2ddc _cBK |
||